00290nam a2200109Ia 4500008004100000082001600041100002200057245004800079260003700127300000800164650000800172191201s2007 xx 000 0 und d a658.87bSOC aSoloman, Michal R 0aConsumer Behaviour Buying, Having and being aN.DelhibPearson Educationc2007 a909 aMBA